All Australian Test Cricket Captains - Statistics

General Stats
  • This quiz has been taken 620 times
  • The average score is 17 of 45
Answer Stats
Captain Number Player Name % Correct
45 Steve Smith
96%
42 Ricky Ponting
93%
43 Michael Clarke
89%
38 Allan Border
87%
40 Steve Waugh
87%
21 Don Bradman
85%
35 Greg Chappell
75%
34 Ian Chappell
75%
39 Mark Taylor
73%
41 Adam Gilchrist
69%
28 Richie Benaud
62%
37 Kim Hughes
61%
32 Bill Lawry
49%
44 Shane Watson
48%
30 Bob Simpson
46%
29 Neil Harvey
36%
36 Graham Yallop
35%
19 Bill Woodfull
32%
23 Lindsay Hassett
29%
25 Ian Johnson
28%
15 Warwick Armstrong
28%
26 Ray Lindwall
25%
20 Vic Richardson
25%
22 Bill Brown
23%
1 Dave Gregory
23%
24 Arthur Morris
22%
14 Syd Gregory
22%
13 Clem Hill
21%
27 Ian Craig
20%
12 Monty Noble
19%
5 Jack Blackham
18%
33 Barry Jarman
17%
2 Billy Murdoch
17%
31 Brian Booth
16%
16 Herbie Collins
16%
10 Joe Darling
16%
18 Jack Ryder
15%
11 Hugh Trumble
14%
17 Warren Bardsley
14%
8 George Giffen
11%
9 Harry Trott
11%
3 Tom Horan
11%
7 Percy McDonnell
10%
4 Hugh Massie
9%
6 Tup Scott
9%
No matching quizzes found
Score Distribution
Percent of People with Each Score
Percentile by Number Answered
Your Score History
You have not taken this quiz